[Event "RUS-chT Rapid"]
[Site "Sochi"]
[Date "2023.10.18"]
[Round "1.20"]
[White "Zakhartsov, Vladimir"]
[Black "Tandelov, Arseny"]
[Result "1-0"]
[WhiteElo "2523"]
[BlackElo "1967"]
[PlyCount "87"]
[EventDate "2023.10.18"]
[EventType "team-swiss (rapid)"]
[EventRounds "9"]
[EventCountry "RUS"]
[SourceTitle "Mega2024 Update 01"]
[Source "Chessbase"]
[SourceDate "2023.11.12"]
[SourceVersion "1"]
[SourceVersionDate "2023.11.12"]
[SourceQuality "1"]
[WhiteTeam "Moscow MGFSO"]
[BlackTeam "Alaniya RSO"]
[WhiteTeamCountry "RUS"]
[BlackTeamCountry "RUS"]

1. d4 Nf6 2. c4 e6 3. g3 Bb4+ 4. Bd2 Qe7 5. Nc3 Bxc3 6. Bxc3 Ne4 7. Rc1 0-0 8. Bg2 Nxc3 9. Rxc3 d6 10. Nf3 e5 11. c5 e4 12. cxd6 cxd6 13. Nd2 d5 14. 0-0 Nc6 15. e3 Nb4 16. Qb3 Be6 17. Qa3 Rfe8 18. Rb1 b6 19. Bf1 Rac8 20. Rbc1 Rxc3 21. bxc3 Nd3 22. Qxe7 Rxe7 23. Bxd3 exd3 24. f3 Rc7 25. Kf2 b5 26. a3 Kf8 27. Nb3 Rc4 28. Ke1 a5 29. Kd2 Ra4 30. Ra1 b4 31. axb4 Rxa1 32. Nxa1 axb4 33. cxb4 Bf5 34. Nb3 Ke7 35. Nc5 Kd6 36. e4 dxe4 37. fxe4 Bc8 38. Kxd3 Kc6 39. Kc4 h5 40. b5+ Kb6 41. d5 g5 42. d6 h4 43. d7 Bxd7 44. Nxd7+ 1-0